[Event "Hull 4NCL International"]
[Site "Hull"]
[Date "2021.10.23"]
[Round "2.22"]
[White "Georgiou, Denis"]
[Black "Leigh, Dominic"]
[Result "1-0"]
[WhiteElo "1863"]
[BlackElo "1720"]
[PlyCount "95"]
[EventDate "2021.10.22"]

1. e4 c5 2. Nf3 d6 3. d4 cxd4 4. Nxd4 Nf6 5. Nc3 a6 6. f4 e6 7. Qf3 Qc7 8. g4
Nc6 9. Nxc6 bxc6 10. g5 Nd7 11. b3 Bb7 12. Qh3 O-O-O 13. g6 fxg6 14. Qxe6 Kb8
15. Bd2 Nc5 16. Qg4 Nxe4 17. Nxe4 Re8 18. O-O-O Rxe4 19. Bd3 Re8 20. Rhe1 Be7
21. Qe2 Qc8 22. Qf2 Bf6 23. Qb6 Qc7 24. Qb4 c5 25. Rxe8+ Rxe8 26. Qa4 Qc6 27.
Qxc6 Bxc6 28. Bxa6 Kc7 29. a4 Kb6 30. Bd3 Bd4 31. f5 gxf5 32. Bxf5 g6 33. Bd3
Be3 34. Rf1 Bxd2+ 35. Kxd2 Be4 36. Rf6 Kc7 37. Rf7+ Kd8 38. Bxe4 Rxe4 39. Rxh7
Rg4 40. a5 Kc8 41. c3 Rg2+ 42. Kd3 Rb2 43. Kc4 d5+ 44. Kxd5 Rxb3 45. Kc6 Kb8
46. c4 Ra3 47. Kb6 Kc8 48. a6 1-0

[Event "Hull 4NCL International"]
[Site "Hull"]
[Date "2021.10.23"]
[Round "2.23"]
[White "Lawrence, Spencer"]
[Black "May, Paul"]
[Result "0-1"]
[WhiteElo "1686"]
[BlackElo "1840"]
[PlyCount "56"]
[EventDate "2021.10.22"]

1. e4 c5 2. Nf3 a6 3. c3 e6 4. d4 d5 5. e5 Bd7 6. Be2 cxd4 7. cxd4 Bb5 8. O-O
Nc6 9. Nc3 Bxe2 10. Qxe2 Nge7 11. Be3 Nf5 12. Rac1 Be7 13. h3 O-O 14. g4 Nxe3
15. fxe3 f5 16. exf6 Bxf6 17. Na4 Qe7 18. Nc5 e5 19. dxe5 Nxe5 20. Nxe5 Bxe5
21. Nd3 Bd4 22. Rxf8+ Rxf8 23. Re1 Ba7 24. a3 Qe4 25. Nf2 Qe5 26. Kg2 Bb8 27.
Rh1 Qg3+ 28. Kf1 Ba7 0-1

[Event "Hull 4NCL International"]
[Site "Hull"]
[Date "2021.10.23"]
[Round "2.24"]
[White "Di-Vetta, Andrew"]
[Black "Gallagher, Dominic"]
[Result "1-0"]
[WhiteElo "1803"]
[BlackElo "1624"]
[PlyCount "27"]
[EventDate "2021.10.22"]

1. Nf3 Nf6 2. c4 d5 3. cxd5 Nxd5 4. e4 Nf6 5. Nc3 Nc6 6. Bb5 Bd7 7. d4 a6 8.
Ba4 e6 9. O-O Bb4 10. e5 Nd5 11. Nxd5 exd5 12. Bg5 Ne7 13. Qb3 Bxa4 14. Qxa4+
1-0

[Event "Hull 4NCL International"]
[Site "Hull"]
[Date "2021.10.23"]
[Round "2.25"]
[White "Macphail, Kieran"]
[Black "Rich, Aaron"]
[Result "1-0"]
[WhiteElo "1798"]
[BlackElo "1578"]
[PlyCount "51"]
[EventDate "2021.10.22"]

1. e4 e6 2. d4 b6 3. Bd3 Bb7 4. Nf3 c5 5. c3 cxd4 6. cxd4 Bb4+ 7. Nc3 Ne7 8.
O-O O-O 9. e5 f5 10. exf6 Rxf6 11. Ne4 Bxe4 12. Bxe4 d5 13. Bb1 h6 14. Qd3 Nf5
15. g4 Rg6 16. Ne5 Qf6 17. Nxg6 Qxg6 18. f3 h5 19. h3 Bd6 20. Qc3 hxg4 21. Qc8+
Kf7 22. fxg4 Ke7 23. Bxf5 exf5 24. Re1+ Kf7 25. Qe8+ Kf6 26. Qe6# 1-0

[Event "Hull 4NCL International"]
[Site "Hull"]
[Date "2021.10.23"]
[Round "3.1"]
[White "Ortiz Sanchez, Luis"]
[Black "Spanton, Tim R"]
[Result "0-1"]
[WhiteElo "1962"]
[BlackElo "1979"]
[PlyCount "134"]
[EventDate "2021.10.22"]

1. d4 d5 2. Nf3 e6 3. Bf4 Bd6 4. e3 Nf6 5. Nbd2 O-O 6. Bd3 b6 7. O-O Bb7 8. Qe2
Bxf4 9. exf4 c5 10. c3 Nc6 11. Ne5 cxd4 12. Nxc6 Bxc6 13. cxd4 Qd6 14. g3 Rac8
15. Ba6 Rc7 16. a3 Bb7 17. Bxb7 Rxb7 18. Qe5 Qd7 19. Rfc1 Rc8 20. Qe2 h6 21. f3
Rbc7 22. Qd1 Qb5 23. Rxc7 Rxc7 24. Rc1 Rxc1 25. Qxc1 Qe2 26. Qc3 h5 27. h4 g6
28. b4 Kg7 29. Nf1 a6 30. Qe3 Qxe3+ 31. Nxe3 Ne8 32. Kf2 Nd6 33. Ke2 Nc4 34.
Nc2 Kf6 35. Kd3 Ke7 36. Kc3 Kd6 37. a4 Ke7 38. a5 bxa5 39. bxa5 Nxa5 40. Nb4
Nc4 41. Nxa6 Ne3 42. Kd3 Nf5 43. g4 Nxh4 44. Nb4 Nxf3 45. gxh5 gxh5 46. Ke3 Nh4
47. Nc6+ Kf6 48. Kf2 Kf5 49. Ke3 Ng6 50. Kf3 Nxf4 51. Ne7+ Kg5 52. Nc6 f6 53.
Nd8 Kf5 54. Nf7 Nd3 55. Nd6+ Kg6 56. Ke3 Nb4 57. Nb5 Nc6 58. Nc7 Kf5 59. Ne8 h4
60. Ng7+ Kg4 61. Nxe6 h3 62. Kf2 f5 63. Nc7 Nb4 64. Ne8 Nd3+ 65. Kf1 Kg3 66.
Nd6 h2 67. Nxf5+ Kf4 0-1

[Event "Hull 4NCL International"]
[Site "Hull"]
[Date "2021.10.23"]
[Round "3.2"]
[White "Angheluta, Ovidiu"]
[Black "Coates, Sam"]
[Result "0-1"]
[WhiteElo "1970"]
[BlackElo "1959"]
[PlyCount "82"]
[EventDate "2021.10.22"]

{[%evp 0,82,19,31,84,11,-1,37,38,38,31,11,11,11,74,74,76,67,52,63,71,-10,81,42,
41,45,36,9,26,51,75,58,53,48,25,24,2,63,73,62,49,50,67,7,55,46,124,-208,-197,
-211,-189,-155,-78,-199,-27,-52,-60,-224,-208,-264,-265,-255,-282,-296,-296,
-298,-296,-339,-345,-352,-359,-358,-380,-414,-407,-414,-460,-455,-470,-482,
-479,-504,-534,-529,-548]} 1. e4 c6 2. c4 d5 3. cxd5 cxd5 4. exd5 Nf6 5. Nf3
Nxd5 6. Nc3 Nxc3 7. bxc3 g6 8. d4 Bg7 9. Bd3 O-O 10. h4 h5 11. Qb3 Be6 12. Qxb7
Bd5 13. Qb1 Bxf3 14. gxf3 Nc6 15. Be4 Rb8 16. Qd3 Qd6 17. Be3 Na5 18. f4 f5 19.
Bf3 Bh6 20. Rg1 Kh7 21. Qe2 Rg8 22. c4 Qa3 23. Bd5 Qc3+ 24. Kf1 Qxa1+ 25. Kg2
Rb1 26. Rxb1 Qxb1 27. Bxg8+ Kxg8 28. Qf3 Qe4 29. c5 Qxf3+ 30. Kxf3 e6 31. Ke2
Kf7 32. Kd3 Ke8 33. d5 exd5 34. Kd4 Kd7 35. Kxd5 Nc6 36. a4 Bg7 37. f3 Bf6 38.
Bf2 Ne7+ 39. Kc4 Kc6 40. Kb4 Nd5+ 41. Kc4 Nxf4 0-1

[Event "Hull 4NCL International"]
[Site "Hull"]
[Date "2021.10.23"]
[Round "3.3"]
[White "Cordova Lopez, Diego Anton"]
[Black "Rich, Ben S"]
[Result "1/2-1/2"]
[WhiteElo "1911"]
[BlackElo "1990"]
[PlyCount "75"]
[EventDate "2021.10.22"]

1. e4 c5 2. Nf3 d6 3. d4 cxd4 4. Nxd4 Nf6 5. Nc3 e6 6. h3 a6 7. g4 b5 8. Bg2
Bb7 9. g5 Nfd7 10. Be3 Qc7 11. Nce2 Nc5 12. Ng3 Nbd7 13. O-O Nb6 14. b3 Rc8 15.
f4 d5 16. e5 g6 17. h4 Ne4 18. Bxe4 dxe4 19. Qe2 Bc5 20. Rac1 Rd8 21. c3 Qb8
22. b4 Bxd4 23. Bxd4 Nc4 24. Nxe4 Bxe4 25. Qxe4 O-O 26. Qe2 Qb7 27. Rf3 Rd7 28.
Rd3 Rfd8 29. Rcd1 Qc6 30. Kh2 Qb7 31. Kg3 Qc6 32. h5 Kg7 33. h6+ Kf8 34. Kh2
Ke8 35. Kg3 Qb7 36. Rf3 Qc6 37. Rfd3 Qb7 38. Bc5 1/2-1/2

[Event "Hull 4NCL International"]
[Site "Hull"]
[Date "2021.10.23"]
[Round "3.4"]
[White "Cuaresma, Gerald"]
[Black "Idle, Oscar J"]
[Result "1-0"]
[WhiteElo "1863"]
[BlackElo "1996"]
[PlyCount "43"]
[EventDate "2021.10.22"]

1. e4 e5 2. Bc4 Nf6 3. d3 c6 4. Nf3 d5 5. Bb3 Nbd7 6. O-O Bd6 7. exd5 Nxd5 8.
d4 O-O 9. c4 N5f6 10. Bg5 e4 11. Nfd2 Re8 12. Nc3 Qc7 13. h3 h6 14. Be3 Nf8 15.
c5 Bf4 16. Nc4 Bxe3 17. fxe3 Qg3 18. Ne2 Qg5 19. Nf4 Nd5 20. Qe1 Ne6 21. h4 Qg4
22. Ne5 1-0

[Event "Hull 4NCL International"]
[Site "Hull"]
[Date "2021.10.23"]
[Round "3.5"]
[White "Klein, Raimund"]
[Black "Cawston, M John"]
[Result "1-0"]
[WhiteElo "1979"]
[BlackElo "1861"]
[PlyCount "43"]
[EventDate "2021.10.22"]

1. e4 e6 2. d4 d5 3. Nd2 Nf6 4. e5 Nfd7 5. Bd3 c5 6. c3 Nc6 7. Ngf3 cxd4 8.
cxd4 f6 9. exf6 Nxf6 10. O-O Bd6 11. Qe2 O-O 12. Nb3 Qc7 13. Be3 Bd7 14. Rac1
Rae8 15. h3 Qb6 16. Ne5 Re7 17. Nc5 Be8 18. Rc3 Qc7 19. Rfc1 Qb8 20. f4 b6 21.
Nxc6 Bxc6 22. Na6 1-0

[Event "Hull 4NCL International"]
[Site "Hull"]
[Date "2021.10.23"]
[Round "3.6"]
[White "Webb, Nicholas"]
[Black "Brencher, Paul"]
[Result "1-0"]
[WhiteElo "1653"]
[BlackElo "1968"]
[PlyCount "89"]
[EventDate "2021.10.22"]

1. c4 e5 2. Nc3 Nf6 3. g3 Nc6 4. Bg2 Bb4 5. e3 O-O 6. Nge2 Re8 7. O-O a5 8. a3
Bf8 9. b3 d6 10. e4 g6 11. d3 Bg7 12. h3 Be6 13. Nd5 Bxd5 14. cxd5 Nb8 15. Be3
c6 16. dxc6 bxc6 17. Qd2 d5 18. Qc2 d4 19. Bd2 Bf8 20. f4 Nfd7 21. f5 f6 22.
fxg6 hxg6 23. Qc4+ Kg7 24. g4 Qb6 25. g5 Qb5 26. gxf6+ Nxf6 27. Qc2 Nbd7 28.
Rf3 Rab8 29. b4 axb4 30. axb4 Rec8 31. Ra7 Rb7 32. Qa2 Qb6 33. Rxb7 Qxb7 34. h4
Ra8 35. Qe6 Nh5 36. Ng3 Ndf6 37. Nxh5+ Nxh5 38. Qg4 Bxb4 39. Bc1 Be7 40. Qe6
Rf8 41. Rxf8 Bxf8 42. Qxe5+ Kh7 43. Qg5 Qf7 44. e5 c5 45. Be4 1-0

[Event "Hull 4NCL International"]
[Site "Hull"]
[Date "2021.10.23"]
[Round "3.7"]
[White "Ter Gevorkian, Edouardos"]
[Black "Cukovs, Oleg"]
[Result "1/2-1/2"]
[WhiteElo "1945"]
[BlackElo "1855"]
[PlyCount "134"]
[EventDate "2021.10.22"]

1. e4 Nf6 2. Nc3 d5 3. exd5 Nxd5 4. Bc4 Nxc3 5. Qf3 e6 6. dxc3 Nc6 7. Be3 Ne5
8. Bb5+ c6 9. Qg3 Ng6 10. Rd1 Qh4 11. Be2 Qxg3 12. hxg3 Be7 13. Nf3 b6 14. a4
Bd7 15. Rh5 c5 16. Bb5 Rd8 17. Rh1 Bxb5 18. Rxd8+ Kxd8 19. axb5 h6 20. Ke2 Kc7
21. Ra1 Kb7 22. Nd2 Rd8 23. Nc4 Bf6 24. Bf4 e5 25. Be3 Ne7 26. f4 Rd5 27. Kf3
exf4 28. gxf4 Rd7 29. Ke4 Nd5 30. Ne5 Bxe5 31. fxe5 Nxe3 32. Kxe3 Kc8 33. Ke4
Kd8 34. g4 Ke7 35. Kf5 g6+ 36. Ke4 Ke6 37. b3 Rd5 38. Rxa7 Rxe5+ 39. Kf3 Rd5
40. Ra8 f5 41. Re8+ Kf7 42. Rb8 fxg4+ 43. Kxg4 Rd6 44. c4 Kf6 45. c3 h5+ 46.
Kf3 Kg5 47. b4 cxb4 48. cxb4 Rd4 49. c5 Rxb4 50. Rxb6 Rb3+ 51. Kf2 h4 52. c6
Rb2+ 53. Ke3 h3 54. c7 Rc2 55. Rc6 Rxc6 56. bxc6 h2 57. c8=Q h1=Q 58. Qd8+ Kf5
59. Qf8+ Ke6 60. Qe8+ Kf6 61. Qd8+ Kf5 62. Qd7+ Kf6 63. Qd6+ Kf7 64. Kd4 Qa1+
65. Kc4 Qa4+ 66. Kd5 Qb3+ 67. Kc5 Qa3+ 1/2-1/2

[Event "Hull 4NCL International"]
[Site "Hull"]
[Date "2021.10.23"]
[Round "3.8"]
[White "Garnett, John S"]
[Black "Clegg, Robert"]
[Result "1-0"]
[WhiteElo "1927"]
[BlackElo "1854"]
[PlyCount "69"]
[EventDate "2021.10.22"]

1. d4 g6 2. c4 Bg7 3. Nf3 d6 4. g3 Nf6 5. Bg2 O-O 6. O-O Nc6 7. Nc3 a6 8. b3
Bf5 9. Bb2 Ne4 10. e3 Nxc3 11. Bxc3 Qd7 12. Qd2 Bh3 13. d5 Bxc3 14. Qxc3 Nd8
15. Qd4 Bxg2 16. Kxg2 e5 17. Qh4 f6 18. Nd2 f5 19. f4 Nf7 20. e4 Rae8 21. Rae1
Kg7 22. exf5 gxf5 23. Nf3 e4 24. Nd4 Nd8 25. g4 fxg4 26. f5 Kh8 27. Ne6 Nxe6
28. fxe6 Qg7 29. Rxf8+ Rxf8 30. e7 Re8 31. Rxe4 Qb2+ 32. Kg3 Qc3+ 33. Kxg4 Rg8+
34. Kf5 Qf3+ 35. Ke6 1-0

[Event "Hull 4NCL International"]
[Site "Hull"]
[Date "2021.10.23"]
[Round "3.9"]
[White "Doherty, Paul D"]
[Black "Carmichael, Ned"]
[Result "0-1"]
[WhiteElo "1780"]
[BlackElo "1900"]
[PlyCount "58"]
[EventDate "2021.10.22"]

1. e4 c5 2. Nc3 Nc6 3. f4 g6 4. Nf3 Bg7 5. a3 e6 6. b4 b6 7. Rb1 Nge7 8. Be2
O-O 9. O-O d5 10. Qe1 Nd4 11. Nxd4 cxd4 12. Nd1 dxe4 13. Nf2 Bb7 14. h4 Nf5 15.
Nh1 Rc8 16. h5 Rxc2 17. Bd1 Rc8 18. hxg6 hxg6 19. g4 Ne7 20. Qh4 Nd5 21. Qh3 f5
22. g5 Qd6 23. Bb3 Rf7 24. Qg3 Ba6 25. Rf2 Bd3 26. Ra1 Bc2 27. Bb2 Bxb3 28.
Qxb3 Nxf4 29. Qg3 Be5 0-1

[Event "Hull 4NCL International"]
[Site "Hull"]
[Date "2021.10.23"]
[Round "3.10"]
[White "Robson, Paul E"]
[Black "Sainbayar, Anuurai"]
[Result "1-0"]
[WhiteElo "1957"]
[BlackElo "1568"]
[PlyCount "109"]
[EventDate "2021.10.22"]

1. e4 e6 2. d4 c5 3. d5 Qb6 4. Nc3 a6 5. Nf3 Nf6 6. Be2 d6 7. O-O Be7 8. a4 O-O
9. Nd2 exd5 10. exd5 Bf5 11. Nc4 Qc7 12. a5 Nbd7 13. g4 Bg6 14. f4 h6 15. h4
Ne4 16. Nxe4 Bxe4 17. g5 b5 18. axb6 Nxb6 19. Ne3 Qd7 20. Bg4 Qb5 21. Bf5 Bxf5
22. Nxf5 Qd7 23. Qg4 Kh7 24. Rd1 Rh8 25. Ra3 Kg8 26. Rg3 h5 27. Qh3 Bf8 28. b3
g6 29. Ne3 Qe7 30. Qg2 Bg7 31. f5 Be5 32. Rf3 Kh7 33. Rdf1 Rhf8 34. c4 a5 35.
Bb2 Nd7 36. f6 Qd8 37. Bxe5 Nxe5 38. Rg3 Rb8 39. Qc2 Qd7 40. Ng2 Rb4 41. Nf4 a4
42. Nxh5 axb3 43. Qb1 Nxc4 44. Rf2 Na3 45. Qb2 Nc2 46. Nf4 Re8 47. h5 Re1+ 48.
Kh2 Ree4 49. hxg6+ fxg6 50. Rh3+ Kg8 51. Nxg6 Qxh3+ 52. Kxh3 Re3+ 53. Kh2 Kf7
54. Nf4 c4 55. g6+ 1-0

[Event "Hull 4NCL International"]
[Site "Hull"]
[Date "2021.10.23"]
[Round "3.11"]
[White "May, Paul"]
[Black "Thackray, John"]
[Result "0-1"]
[WhiteElo "1840"]
[BlackElo "1948"]
[PlyCount "120"]
[EventDate "2021.10.22"]

1. d4 d5 2. c4 e6 3. Nc3 Nf6 4. Bg5 Nbd7 5. e3 c6 6. cxd5 exd5 7. Nf3 Be7 8.
Bd3 O-O 9. O-O Re8 10. Qc2 Nf8 11. Bf5 Bxf5 12. Qxf5 Ne4 13. h4 Nxc3 14. bxc3
Qd7 15. Qxd7 Nxd7 16. Rab1 b5 17. Rfe1 Bd6 18. g3 Nb6 19. Nd2 Na4 20. Rb3 f6
21. Bf4 Bxf4 22. gxf4 Re7 23. f3 f5 24. Kf2 Rae8 25. Nf1 Re6 26. Ng3 g6 27. Nf1
Kf7 28. Ke2 Kf6 29. Kd2 Nb6 30. Kd3 a5 31. Rbb1 Nc4 32. Re2 h6 33. Rb3 g5 34.
fxg5+ hxg5 35. hxg5+ Kxg5 36. Rb1 Kf6 37. Rbe1 b4 38. e4 bxc3 39. e5+ Ke7 40.
Ng3 Rf8 41. f4 Rg6 42. Rg1 Ke6 43. Ree1 Nd2 44. Ne2 Rh6 45. Rh1 Rfh8 46. Rxh6+
Rxh6 47. Kxc3 Ne4+ 48. Kb3 Rh2 49. Ka4 Rxe2 50. Rxe2 Nc3+ 51. Kxa5 Nxe2 52. Kb6
Nxd4 53. Kc5 Nc2 54. a4 d4 55. a5 d3 56. a6 d2 57. a7 d1=Q 58. a8=Q Qd4+ 59.
Kxc6 Qd5+ 60. Kc7 Qxa8 0-1

[Event "Hull 4NCL International"]
[Site "Hull"]
[Date "2021.10.23"]
[Round "3.12"]
[White "Di-Vetta, Andrew"]
[Black "Wynarczyk, Raymond"]
[Result "1/2-1/2"]
[WhiteElo "1803"]
[BlackElo "1912"]
[PlyCount "107"]
[EventDate "2021.10.22"]

1. Nf3 d5 2. c4 e6 3. e3 Nf6 4. Nc3 a6 5. Be2 dxc4 6. Bxc4 b5 7. Bb3 Bb7 8. O-O
Be7 9. d4 O-O 10. Ne5 c5 11. dxc5 Bxc5 12. Qe2 Qc7 13. Ng4 Nbd7 14. Bd2 Rad8
15. Rfd1 Nxg4 16. Qxg4 Nf6 17. Qh3 Rd7 18. Rac1 Rfd8 19. Be1 Qe5 20. Rxd7 Rxd7
21. Rd1 Rxd1 22. Nxd1 Bd5 23. Bc3 Qg5 24. Bc2 Qh5 25. Qxh5 Nxh5 26. a3 Nf6 27.
b4 Bd6 28. f3 Nd7 29. e4 Bc6 30. Kf2 Nb6 31. e5 Bc7 32. Nb2 Bd5 33. Bd4 Nc4 34.
Nxc4 Bxc4 35. Be4 a5 36. f4 axb4 37. axb4 Bd8 38. Ke3 f6 39. Bd3 fxe5 40. Bxe5
Bb6+ 41. Bd4 Bxd3 42. Kxd3 Bc7 43. Be5 Bd8 44. Bd6 Bf6 45. g4 h6 46. Ke4 Bc3
47. h4 Kf7 48. h5 g6 49. hxg6+ Kxg6 50. Bf8 Kf7 51. Bxh6 Bxb4 52. f5 exf5+ 53.
Kxf5 Bc3 54. Bc1 1/2-1/2

[Event "Hull 4NCL International"]
[Site "Hull"]
[Date "2021.10.23"]
[Round "3.13"]
[White "Brown, Geoffrey D"]
[Black "Macphail, Kieran"]
[Result "1-0"]
[WhiteElo "1893"]
[BlackElo "1798"]
[PlyCount "59"]
[EventDate "2021.10.22"]

1. e4 c5 2. Nc3 Nc6 3. f4 g6 4. Nf3 Bg7 5. Bb5 Nd4 6. O-O a6 7. Bd3 e6 8. f5
gxf5 9. exf5 Nf6 10. fxe6 dxe6 11. Ne4 Nxe4 12. Bxe4 f5 13. c3 fxe4 14. Nxd4
cxd4 15. Qh5+ Kd7 16. Rf7+ Kd6 17. Rxg7 Qf6 18. Rf7 Qg6 19. Qxg6 hxg6 20. cxd4
Bd7 21. b3 Raf8 22. Ba3+ Kd5 23. Rxd7+ Kc6 24. Rd6+ Kc7 25. Rc1+ Kb8 26. Rxe6
Rd8 27. Bd6+ Ka8 28. Rc7 g5 29. Bc5 Rhg8 30. Ree7 1-0

[Event "Hull 4NCL International"]
[Site "Hull"]
[Date "2021.10.23"]
[Round "3.14"]
[White "Crow, Stephen"]
[Black "Arora, Tashika"]
[Result "1-0"]
[WhiteElo "1801"]
[BlackElo "1889"]
[PlyCount "169"]
[EventDate "2021.10.22"]

1. f4 d5 2. Nf3 Nf6 3. g3 g6 4. Bg2 Bg7 5. O-O O-O 6. d3 c6 7. c3 Na6 8. Na3
Qb6+ 9. e3 Bf5 10. Nd4 Bg4 11. Bf3 Bxf3 12. Nxf3 Nd7 13. d4 e6 14. Nc2 c5 15.
Qe2 Rac8 16. Kg2 cxd4 17. exd4 Qc6 18. Ne3 Nb6 19. Ne5 Qc7 20. Bd2 Nc4 21.
N3xc4 dxc4 22. Rad1 b5 23. a3 Qb7+ 24. Qf3 Qxf3+ 25. Kxf3 f6 26. Ng4 Nc7 27.
Rfe1 Kf7 28. Ra1 Ra8 29. Ra2 Nd5 30. a4 a6 31. Rea1 Nb6 32. axb5 axb5 33. Ra7+
Kg8 34. R1a5 Rxa7 35. Rxa7 Na4 36. Bc1 Rb8 37. Ne3 Bf8 38. Nxc4 Nxc3 39. bxc3
bxc4 40. Rc7 Rb1 41. Be3 Rf1+ 42. Kg2 Re1 43. Kf2 Rh1 44. h4 Rh2+ 45. Kf3 Rc2
46. Rxc4 Kf7 47. Rc7+ Be7 48. g4 f5 49. gxf5 gxf5 50. Bf2 h5 51. Ke3 Kf6 52.
Rc6 Kf7 53. Be1 Rh2 54. c4 Bxh4 55. Rc7+ Ke8 56. Bxh4 Rxh4 57. d5 Rh1 58. d6 h4
59. Kf2 Rd1 60. c5 Rd5 61. Kg2 Kd8 62. Kh3 Rd4 63. Kxh4 Rxf4+ 64. Kg5 Rd4 65.
Kf6 f4 66. Kxe6 Rd1 67. Rf7 Re1+ 68. Kd5 Rd1+ 69. Kc6 Ke8 70. Rxf4 Rd2 71. Kc7
Rd5 72. c6 Rd1 73. d7+ Ke7 74. Re4+ Kf6 75. d8=Q+ Rxd8 76. Kxd8 Kf5 77. Re1 Kf4
78. c7 Kf5 79. c8=Q+ Kf4 80. Qc4+ Kf5 81. Qe6+ Kg5 82. Re5+ Kf4 83. Qf6+ Kg4
84. Rg5+ Kh3 85. Qh6# 1-0

[Event "Hull 4NCL International"]
[Site "Hull"]
[Date "2021.10.23"]
[Round "3.15"]
[White "Lacoult, Maxime"]
[Black "Gordon, Sean"]
[Result "1-0"]
[WhiteElo "1428"]
[BlackElo "1868"]
[PlyCount "117"]
[EventDate "2021.10.22"]

1. b3 d5 2. Bb2 Bf5 3. e3 e6 4. Nf3 Nf6 5. Nh4 Bg4 6. f3 Bh5 7. g4 Nxg4 8. Ng2
Nf6 9. Nf4 Bd6 10. Nxh5 Nxh5 11. h4 Bg3+ 12. Ke2 Bxh4 13. Be5 Ng3+ 14. Bxg3
Bxg3 15. Nc3 h5 16. Bh3 Nd7 17. Bg4 Nf6 18. Qg1 Bd6 19. Rf1 c6 20. e4 dxe4 21.
Nxe4 g6 22. Bxe6 Qe7 23. Qd4 Qxe6 24. Qxf6 Kd7 25. Kf2 Qxf6 26. Nxf6+ Ke7 27.
Ne4 Rad8 28. Re1 Kf8 29. Re2 Kg7 30. Rhe1 Bf4 31. d3 h4 32. Kg2 h3+ 33. Kh1
Rde8 34. Nf2 Rxe2 35. Rxe2 Kf6 36. Ng4+ Kf5 37. Re7 f6 38. Nf2 Be5 39. Ne4 Kf4
40. Rxb7 Kxf3 41. Nxf6 Rh4 42. Ne4 Rg4 43. Nd2+ Kf2 44. Rf7+ Bf4 45. Ne4+ Kf1
46. Ng3+ Kf2 47. Ne4+ Kf3 48. Rh7 h2 49. Rh3+ Ke2 50. Rxh2+ Bxh2 51. Kxh2 Kf3
52. Nd2+ Ke3 53. Nc4+ Kd4 54. Na5 Kc5 55. c3 Rg5 56. Nc4 Kd5 57. Nd2 c5 58. c4+
Kd6 59. Ne4+ 1-0

[Event "Hull 4NCL International"]
[Site "Hull"]
[Date "2021.10.23"]
[Round "3.16"]
[White "Kane, Robert"]
[Black "Georgiou, Denis"]
[Result "1/2-1/2"]
[WhiteElo "1785"]
[BlackElo "1863"]
[PlyCount "65"]
[EventDate "2021.10.22"]

1. d4 Nf6 2. Nf3 g6 3. Bf4 Bg7 4. Nc3 d5 5. e3 O-O 6. Be2 c5 7. Ne5 cxd4 8.
exd4 Nc6 9. Nxc6 bxc6 10. O-O Nd7 11. Na4 f6 12. c3 e5 13. Be3 Qe7 14. b4 e4
15. Qd2 f5 16. Nc5 Rf7 17. f3 exf3 18. Rxf3 Nf6 19. Bg5 Qf8 20. Bxf6 Bxf6 21.
Re1 Re7 22. Bd3 Qe8 23. Rxe7 Qxe7 24. a4 Bg5 25. Qe2 Qxe2 26. Bxe2 Kf7 27. b5
cxb5 28. Bxb5 Be6 29. Kf1 Ke7 30. Ke2 Kd6 31. Rf1 Bd8 32. Kd3 Bb6 33. Nxe6
1/2-1/2

[Event "Hull 4NCL International"]
[Site "Hull"]
[Date "2021.10.23"]
[Round "3.17"]
[White "Mcdonnell, James J"]
[Black "Allison, Paul A"]
[Result "1/2-1/2"]
[WhiteElo "1858"]
[BlackElo "1779"]
[PlyCount "50"]
[EventDate "2021.10.22"]

1. e4 e5 2. Nf3 Nc6 3. Bb5 a6 4. Ba4 Nf6 5. d3 Bc5 6. c3 b5 7. Bb3 d6 8. O-O
O-O 9. Be3 Bxe3 10. fxe3 Ne7 11. a4 Bb7 12. Nbd2 Ng6 13. Qe2 d5 14. Rfd1 Qe8
15. axb5 axb5 16. exd5 Nxd5 17. Ng5 Qe7 18. Nge4 Kh8 19. Rxa8 Bxa8 20. c4 bxc4
21. dxc4 Nf6 22. Bc2 Nxe4 23. Bxe4 f5 24. Bxa8 Rxa8 25. Qf3 Rf8 1/2-1/2

[Event "Hull 4NCL International"]
[Site "Hull"]
[Date "2021.10.23"]
[Round "3.18"]
[White "Ibbitson, Anthony"]
[Black "Turner, Tim M"]
[Result "0-1"]
[WhiteElo "1735"]
[BlackElo "1893"]
[PlyCount "68"]
[EventDate "2021.10.22"]

1. e4 c5 2. Nc3 a6 3. g3 Nc6 4. Bg2 e6 5. d3 b5 6. f4 d6 7. Nf3 b4 8. Ne2 g6 9.
O-O Bg7 10. c3 bxc3 11. bxc3 Nge7 12. Be3 O-O 13. Qd2 Qa5 14. d4 cxd4 15. cxd4
Qxd2 16. Nxd2 d5 17. e5 Bd7 18. Nb3 Rfb8 19. Rab1 Nb4 20. Nc5 Bb5 21. Bf3 Nc2
22. Bf2 Nf5 23. Rfd1 Bf8 24. Nb3 Rc8 25. g4 Nfe3 26. Bxe3 Nxe3 27. Rdc1 Ba3 28.
Rxc8+ Rxc8 29. Kf2 Nc2 30. Ng3 Nb4 31. Be2 Rc2 32. Kf1 Rxa2 33. Bxb5 axb5 34.
Nc5 Rxh2 0-1

[Event "Hull 4NCL International"]
[Site "Hull"]
[Date "2021.10.23"]
[Round "3.19"]
[White "Porter, Bede"]
[Black "Cuaresma, Bien"]
[Result "1/2-1/2"]
[WhiteElo "1855"]
[BlackElo "1713"]
[PlyCount "83"]
[EventDate "2021.10.22"]

1. c4 e5 2. Nc3 Nc6 3. g3 f5 4. Bg2 Nf6 5. a3 d6 6. b4 Be6 7. Qa4 Bd7 8. b5 Nd4
9. e3 Ne6 10. Nge2 Nc5 11. Qc2 e4 12. Bb2 Nd3+ 13. Kf1 c6 14. Nc1 Be6 15. N3e2
Nxb2 16. Qxb2 Bxc4 17. a4 Be7 18. Kg1 O-O 19. Nf4 g5 20. d3 exd3 21. Nfxd3 Ne4
22. Qc2 cxb5 23. Nb3 Rc8 24. axb5 Bxb5 25. Qd1 a6 26. Nd4 Bc4 27. Nxf5 d5 28.
Bh3 Kh8 29. Nxe7 Qxe7 30. Bxc8 Rxc8 31. Nb2 Qf7 32. f3 Nf6 33. Kg2 Kg8 34. Qd4
Bb5 35. Rhc1 Re8 36. Rc2 Qe6 37. Rac1 Bc6 38. Nd3 Nd7 39. Nc5 Nxc5 40. Rxc5
Qxe3 41. Qxe3 Rxe3 42. Kf2 1/2-1/2

[Event "Hull 4NCL International"]
[Site "Hull"]
[Date "2021.10.23"]
[Round "3.20"]
[White "Dukalev, Oleg"]
[Black "Dean, Robert A"]
[Result "1/2-1/2"]
[WhiteElo "1728"]
[BlackElo "1851"]
[PlyCount "113"]
[EventDate "2021.10.22"]

1. e4 e6 2. b3 d5 3. Bb2 dxe4 4. Nc3 Nf6 5. Qe2 Nc6 6. Nxe4 Be7 7. Nf3 Bd7 8.
d4 O-O 9. c3 Nd5 10. g3 f5 11. Ned2 Bf6 12. Nc4 Re8 13. Nce5 Nxe5 14. Nxe5 Bxe5
15. Qxe5 Bc6 16. Bg2 Nb4 17. cxb4 Bxg2 18. Rg1 Bf3 19. Kd2 Qe7 20. Qc5 Qg5+ 21.
Kc3 Red8 22. Bc1 Qg6 23. Bf4 Rd5 24. Qc4 b5 25. Qd3 Be4 26. Qe3 Rd7 27. Rad1 a5
28. a3 axb4+ 29. axb4 Ra2 30. Rd2 Rxd2 31. Qxd2 Qe8 32. Ra1 Qb8 33. Be5 Qb7 34.
Kb2 Qc6 35. Rc1 Qb7 36. h4 c6 37. h5 Qc8 38. Ra1 Qf8 39. Kc3 h6 40. Ra6 Kh7 41.
Qf4 Qf7 42. f3 Bd5 43. g4 Ra7 44. Rxa7 Qxa7 45. gxf5 Qa1+ 46. Kd2 Qb2+ 47. Ke1
Qb1+ 48. Kf2 Qxf5 49. Qg3 g6 50. hxg6+ Qxg6 51. Qh4 Qg5 52. Qxg5 hxg5 53. Kg3
Kg6 54. Kg4 Bxb3 55. Bc7 Bc2 56. Bd8 Bf5+ 57. Kg3 1/2-1/2

[Event "Hull 4NCL International"]
[Site "Hull"]
[Date "2021.10.23"]
[Round "3.21"]
[White "Asaad, Asaad"]
[Black "Patrick, David A"]
[Result "1/2-1/2"]
[WhiteElo "1601"]
[BlackElo "1843"]
[PlyCount "153"]
[EventDate "2021.10.22"]

1. e4 e6 2. d3 d5 3. Nd2 c5 4. Ngf3 Nc6 5. g3 Nf6 6. Bg2 Be7 7. O-O O-O 8. e5
Nd7 9. Re1 b5 10. Nf1 Bb7 11. h4 Qc7 12. Bf4 Rac8 13. N1h2 Nd4 14. Ng5 c4 15.
c3 Nf5 16. d4 b4 17. Qh5 Bxg5 18. hxg5 g6 19. Qh3 bxc3 20. bxc3 Bc6 21. Ng4 Kg7
22. Nf6 Rh8 23. g4 h5 24. gxf5 Nf8 25. Bf3 Ba4 26. Rac1 Rb8 27. Re2 a5 28. Kg2
Bc6 29. Rh1 exf5 30. Nxh5+ gxh5 31. Qxf5 Ne6 32. Qf6+ Kg8 33. Be3 Qd8 34. Rxh5
Qxf6 35. gxf6 a4 36. Bc1 Rxh5 37. Bxh5 Rb1 38. Be3 a3 39. f4 Ba4 40. Kf3 Bd1
41. f5 Nf8 42. e6 fxe6 43. f7+ Kg7 44. Bf4 exf5 45. Be5+ Kh6 46. Ke3 Bxe2 47.
Bxe2 Rb2 48. Bd6 Kg7 49. Bxa3 Rxa2 50. Bb4 Kxf7 51. Bf3 f4+ 52. Kxf4 Rf2 53.
Ke3 Rxf3+ 54. Kxf3 Ne6 55. Kg4 Kf6 56. Ba5 Nf8 57. Bd8+ Ke6 58. Kg5 Nd7 59. Kg6
Nb8 60. Bh4 Nc6 61. Bg5 Na5 62. Bh4 Nb3 63. Bg5 Na1 64. Bh4 Nc2 65. Bf2 Na3 66.
Bg3 Nb1 67. Be1 Kd6 68. Kf6 Kd7 69. Ke5 Kc6 70. Ke6 Na3 71. Ke5 Nb5 72. Ke6 Nd6
73. Ke5 Ne4 74. Ke6 Ng5+ 75. Kf5 Nf3 76. Bg3 Nd2 77. Ke6 1/2-1/2